The Ultimate Twilight Quiz 🎬 - Statistics

General Stats
  • This quiz has been taken 394 times
  • The average score is 15 of 30
Answer Stats
Hint Answer % Correct
What color eyes does Bella have in the Twilight series? Brown
95%
What is Carisle Cullen's occupation? Doctor
87%
Who wrote the Twilight series? Stephenie Meyer
86%
What is Bella's fathers name in 'Twilight'? Charlie
84%
Which state is Bella originally from? Arizona
82%
What color hair does Victoria have in the Twilight series? Red
79%
In the Twilight series Emmett Cullen was almost killed by which animal when he was human? Bear
75%
What is Jacob's last name in the Twilight series? Black
74%
The Twilight series is primarily narrated from which character's point-of-view? Bella
71%
In which year was 'Twilight' published? 2005
69%
In 'Twilight' which sport does Bella's step father play professionally? Baseball
69%
Which country is Stephenie Meyer from? USA
65%
Who becomes Jacob's soul mate in 'Breaking Dawn'? Renesmee
59%
The Twilight Original Motion Picture Soundtrack debuted at what number on the Billboard 200? 1
56%
What is Carisle Cullen's physical age in the Twilight series? 23
56%
Both parts of 'The Twilight Saga: Breaking Dawn' were released in which month? November
52%
Which tribe does Jacob belong to in the Twilight series? Quileute
46%
Which human has a crush on Bella in the Twilight series? Mike Newton
44%
In the Twilight series what did Edward almost die of in childhood? Spanish influenza
44%
What is Bella's middle name in the Twilight series? Marie
42%
In the Twilight series Edward was born in which city? Chicago
35%
What is Edward's middle name in the Twilight series? Anthony
28%
In the Twilight series Edward is born with which last name? Masen
28%
Who is the oldest member of the La Push pack in the Twilight series? Sam Uley
23%
Stephenie Meyer was born in which year? 1973
15%
Who directed the movie 'The Twilight Saga: Eclipse'? David Slade
11%
In the Twilight series the Volturi are from which part of Italy? Tuscany
11%
Who directed 'The Twilight Saga: New Moon'? Chris Weitz
9%
Renesmee, in the Twilight series, is a what? Dhampir
8%
Who wrote the script for the movie 'Twilight'? Melissa Rosenberg
6%
No matching quizzes found
Score Distribution
Percent of People with Each Score
Percentile by Number Answered
Your Score History
You have not taken this quiz